[Event "Prebor mesta Vsetina 2017"]
[Site "?"]
[Date "2017.07.02"]
[Round "2"]
[White "Kuchar, Matej"]
[Black "Babula, Milan"]
[Result "1/2-1/2"]
[WhiteElo "2018"]
[BlackElo "2244"]
[PlyCount "143"]
[EventDate "2017.??.??"]

1.e4 Nc6 2.Nc3 e6 3.d4 d5 4.e5 f6 5.exf6 Nxf6 6.Nf3 Bd6 7.Bg5 O-O 8.Bd3 Qe8 9.
O-O Qh5 10.Bxf6 Rxf6 11.Nb5 Bd7 12.c4 Rh6 13.h3 Bf4 14.Nh2 a6 15.Nc3 Bxh2+ 16.
Kxh2 Qf7 17.f4 Nxd4 18.cxd5 exd5 19.Bxh7+ Kxh7 20.Qxd4 c6 21.Rae1 Re8 22.Rxe8
Qxe8 23.f5 Qb8+ 24.Kg1 Qd6 25.Rf3 Qf6 26.Qd3 Kg8 27.Kh1 Qe5 28.g4 b5 29.b4
Qe1+ 30.Kg2 Qe5 31.a3 Rd6 32.Ne2 d4 33.Rf4 c5 34.bxc5 Bc6+ 35.Kg3 Qxc5 36.Rxd4
Qe5+ 37.Kf2 Qh2+ 38.Ke1 Rxd4 39.Nxd4 Bd5 40.Ne6 Qg1+ 41.Ke2 Qh2+ 42.Ke3 Qa2
43.Kd4 Bxe6 44.fxe6 Qxe6 45.Kc5 Kh8 46.Qf3 Qh6 47.Qf8+ Kh7 48.Qf5+ Kg8 49.g5
Qh5 50.Kb6 Qe2 51.g6 Qe3+ 52.Qc5 Qe6+ 53.Qc6 Qe3+ 54.Kb7 Qe7+ 55.Kxa6 Qxa3+
56.Kxb5 Qb3+ 57.Ka6 Qa3+ 58.Kb7 Qb3+ 59.Kc7 Qg3+ 60.Qd6 Qc3+ 61.Kd8 Qf6+ 62.
Kd7 Qxd6+ 63.Kxd6 Kf8 64.Kd7 Kg8 65.Ke8 Kh8 66.h4 Kg8 67.Ke7 Kh8 68.h5 Kg8 69.
Ke8 Kh8 70.h6 Kg8 71.h7+ Kh8 72.Kf7 1/2-1/2

[Event "Prebor mesta Vsetina 2017"]
[Site "?"]
[Date "2017.07.02"]
[Round "2"]
[White "Sosna, Jan"]
[Black "Ambrozova, Lucie"]
[Result "1-0"]
[WhiteElo "2341"]
[BlackElo "1875"]
[PlyCount "69"]
[EventDate "2017.??.??"]

1.d4 Nf6 2.Nf3 g6 3.Bg5 Bg7 4.Nbd2 d5 5.e3 O-O 6.c3 Nbd7 7.Be2 c5 8.O-O c4 9.
Qc2 b5 10.a4 bxa4 11.Qxa4 Nb6 12.Qb4 Qd6 13.Qxd6 exd6 14.Ra5 Bg4 15.h3 Be6 16.
Rfa1 Rfb8 17.Ne1 Nc8 18.R1a2 Rb6 19.Nc2 Rab8 20.Nb4 Rb5 21.Bf3 Nd7 22.Bxd5
Bxd5 23.Nxd5 Rxa5 24.Rxa5 f6 25.Bf4 Rxb2 26.Nxc4 Rb1+ 27.Kh2 Bf8 28.Ra6 Rb5
29.e4 f5 30.f3 fxe4 31.fxe4 Ndb6 32.Ndxb6 Nxb6 33.Nxd6 Rb3 34.Rxa7 Rxc3 35.Ne8
1-0

[Event "Prebor mesta Vsetina 2017"]
[Site "?"]
[Date "2017.07.02"]
[Round "2"]
[White "Russel, Bernhard"]
[Black "Koutny, Petr"]
[Result "0-1"]
[WhiteElo "1928"]
[BlackElo "2189"]
[PlyCount "40"]
[EventDate "2017.??.??"]

1.d4 d5 2.Nf3 Nc6 3.g3 Bf5 4.Bg2 Qd7 5.O-O Bh3 6.c4 Bxg2 7.Kxg2 e6 8.Nc3 Nf6
9.Bf4 dxc4 10.Qa4 Nd5 11.Qxc4 Nxf4+ 12.gxf4 Bd6 13.e3 O-O-O 14.a3 e5 15.Nxe5
Bxe5 16.fxe5 Qg4+ 17.Kh1 Nxe5 18.Qe2 Nf3 19.Rg1 Qh3 20.Rg2 Rd6 0-1

[Event "Prebor mesta Vsetina 2017"]
[Site "?"]
[Date "2017.07.02"]
[Round "2"]
[White "Bednarik, Josef"]
[Black "Malinovsky, Petr"]
[Result "1/2-1/2"]
[WhiteElo "2183"]
[BlackElo "2019"]
[PlyCount "92"]
[EventDate "2017.??.??"]

1.e4 c5 2.Nf3 e6 3.c4 Nc6 4.Nc3 Nd4 5.d3 Ne7 6.Be2 Nec6 7.O-O Be7 8.Ne1 O-O 9.
f4 f5 10.Bf3 d6 11.Nc2 Rb8 12.Ne3 Bd7 13.exf5 Nxf3+ 14.Qxf3 Nd4 15.Qf2 Nxf5
16.Nxf5 Rxf5 17.Qe2 Bf6 18.Ne4 Qf8 19.Be3 Bd4 20.Bxd4 cxd4 21.g3 Re8 22.Qd2
Bc6 23.b4 d5 24.Nc5 b6 25.Nb3 dxc4 26.Nxd4 Qd6 27.Nxf5 exf5 28.h3 Qd5 29.Kh2
Re3 30.Rf2 Rxd3 31.Qb2 Rd1 32.Rxd1 Qxd1 33.g4 fxg4 34.Kg3 Qd3+ 35.Kxg4 c3 36.
Qe2 h5+ 37.Kh4 Qd8+ 38.Kg3 h4+ 39.Kh2 Qd5 40.Qe1 b5 41.Rc2 Qf3 42.Qe6+ Kf8 43.
Qc8+ Ke7 44.Qc7+ Ke8 45.Qc8+ Ke7 46.Qc7+ Ke8 1/2-1/2

[Event "Prebor mesta Vsetina 2017"]
[Site "?"]
[Date "2017.07.02"]
[Round "2"]
[White "Dzikowski, Michal"]
[Black "Vraj, Karel"]
[Result "1-0"]
[WhiteElo "2147"]
[BlackElo "1778"]
[PlyCount "65"]
[EventDate "2017.??.??"]

1.d4 d5 2.c4 e6 3.Nf3 Nf6 4.g3 b6 5.Bg2 Bb7 6.O-O Be7 7.Qc2 Nbd7 8.cxd5 exd5
9.Bf4 c5 10.Nc3 Nh5 11.Be3 O-O 12.Rfd1 Ndf6 13.Ne5 cxd4 14.Bxd4 Bc5 15.Qb3 Qe7
16.Bxc5 bxc5 17.f4 Rab8 18.Na4 d4 19.Bxb7 Rxb7 20.Qf3 g6 21.Rac1 Rc7 22.Rc4
Rfc8 23.Rdc1 Ng7 24.Nd3 Nd7 25.Naxc5 Nxc5 26.Nxc5 Rxc5 27.Rxc5 Rxc5 28.Qa8+
Ne8 29.Rxc5 Qxc5 30.Qxe8+ Kg7 31.Qe5+ Qxe5 32.fxe5 Kf8 33.Kf2 1-0

[Event "Prebor mesta Vsetina 2017"]
[Site "?"]
[Date "2017.07.02"]
[Round "2"]
[White "Krejca, Jakub"]
[Black "Mlady, Pavel"]
[Result "1-0"]
[WhiteElo "2115"]
[BlackElo "1650"]
[PlyCount "31"]
[EventDate "2017.??.??"]

1.e4 e6 2.Nc3 b6 3.d4 Ba6 4.Bxa6 Nxa6 5.Nge2 c6 6.O-O d5 7.Re1 Bb4 8.Qd3 Nc7
9.Bf4 Ne7 10.Qg3 Rc8 11.exd5 Nf5 12.Bxc7 Rxc7 13.Qd3 Bxc3 14.Nxc3 cxd5 15.Qxf5
O-O 16.Qd3 1-0

[Event "Prebor mesta Vsetina 2017"]
[Site "?"]
[Date "2017.07.02"]
[Round "2"]
[White "Dungl, Petr"]
[Black "Havelka, Ondrej"]
[Result "0-1"]
[WhiteElo "1884"]
[BlackElo "2104"]
[PlyCount "50"]
[EventDate "2017.??.??"]

1.d4 Nf6 2.Bf4 d5 3.e3 c5 4.dxc5 Nc6 5.Bb5 e6 6.b4 a5 7.c3 Ne4 8.f3 Nf6 9.Ne2
Be7 10.O-O O-O 11.a4 Nh5 12.Qb3 Nxf4 13.exf4 Bf6 14.Ra2 Qc7 15.Rd1 Bd7 16.Bd3
axb4 17.cxb4 b6 18.Kh1 bxc5 19.bxc5 Rfb8 20.Bb5 Na5 21.Qc2 Bxb5 22.axb5 Rxb5
23.c6 Rab8 24.Na3 Rb2 25.Rxb2 Rxb2 0-1

[Event "Prebor mesta Vsetina 2017"]
[Site "?"]
[Date "2017.07.02"]
[Round "2"]
[White "Pycha, Patrik"]
[Black "Vraj, Ondrej"]
[Result "1-0"]
[WhiteElo "2060"]
[BlackElo "1816"]
[PlyCount "131"]
[EventDate "2017.??.??"]

1.e4 d5 2.exd5 Qxd5 3.Nc3 Qa5 4.Bc4 Nf6 5.d3 c6 6.Bd2 Qc7 7.Nge2 Bf5 8.Ng3 Bg6
9.Qe2 e6 10.Nce4 Nbd7 11.Bc3 Be7 12.a4 O-O 13.O-O Nd5 14.Bd2 N7f6 15.Nxf6+
Bxf6 16.Rab1 Nb6 17.Bb3 Rad8 18.Ne4 Be7 19.Qf3 c5 20.a5 Nd5 21.Nc3 Nb4 22.Bf4
Qc6 23.Qg3 c4 24.Ba4 Qc8 25.dxc4 Bxc2 26.Bxc2 Nxc2 27.Bh6 Bf6 28.Ne4 Bd4 29.
Rfd1 Bxb2 30.Nd6 Rxd6 31.Rxd6 Bf6 32.Bg5 Nd4 33.Qd3 Bxg5 34.Qxd4 Be7 35.Rd7
Bc5 36.Qd3 b6 37.Rd1 bxa5 38.Rd8 Qc7 39.Rxf8+ Bxf8 40.g3 a4 41.Qd7 Qxc4 42.Rd4
Qc5 43.Rf4 Qe7 44.Qxa4 e5 45.Rc4 f6 46.Rc8 Qb7 47.Qc4+ Qf7 48.Qc6 Qa2 49.Qa8
Qf7 50.Rb8 h6 51.Rb7 Qc4 52.Rxa7 Qc1+ 53.Kg2 Qc5 54.Rd7 Qc4 55.Qb7 Qe6 56.Qc8
Qb3 57.Qa6 Kh8 58.Qc6 Kg8 59.Rd5 Qb1 60.Qe6+ Kh7 61.Rd8 Qe4+ 62.Kh3 Bc5 63.f4
Kg6 64.Qg4+ Kh7 65.Qc8 Bd4 66.f5 1-0

[Event "Prebor mesta Vsetina 2017"]
[Site "?"]
[Date "2017.07.02"]
[Round "2"]
[White "Mostek, Jan"]
[Black "Weinzettl, Ernst"]
[Result "0-1"]
[WhiteElo "1774"]
[BlackElo "2290"]
[PlyCount "76"]
[EventDate "2017.??.??"]

1.e4 e6 2.d4 d5 3.exd5 exd5 4.Nf3 Bd6 5.c4 Nf6 6.Nc3 O-O 7.Bg5 Re8+ 8.Be2 dxc4
9.O-O Nbd7 10.Bxc4 Nb6 11.Bb3 Bf5 12.Re1 Rxe1+ 13.Qxe1 Be7 14.Ne5 Bg6 15.Nxg6
hxg6 16.Bxf6 Bxf6 17.Qe4 Qxd4 18.Qxb7 Re8 19.g3 Qd2 20.Ne4 Qxb2 21.Nxf6+ Qxf6
22.Rf1 c5 23.Qa6 Re7 24.Rc1 Rc7 25.Qb5 Qe7 26.Qd3 Kh7 27.Bc2 c4 28.Qf3 Rc5 29.
h4 Qf6 30.Qd1 Rd5 31.Qe2 Re5 32.Qd1 Kg8 33.Qd2 Qe7 34.Rd1 Re2 35.Qd8+ Qxd8 36.
Rxd8+ Kh7 37.Bd1 Rxa2 38.Bf3 c3 0-1

[Event "Prebor mesta Vsetina 2017"]
[Site "?"]
[Date "2017.07.02"]
[Round "2"]
[White "Sokolski, Aleksander"]
[Black "Zadrapa, Radek"]
[Result "1-0"]
[WhiteElo "1868"]
[BlackElo "2060"]
[PlyCount "71"]
[EventDate "2017.??.??"]

1.d4 Nf6 2.c4 g6 3.Nc3 Bg7 4.e4 d6 5.h3 c6 6.Be3 O-O 7.Qd2 Re8 8.f4 Nh5 9.Qf2
e5 10.fxe5 dxe5 11.d5 f5 12.exf5 gxf5 13.Be2 Nf6 14.O-O-O cxd5 15.Nxd5 Ne4 16.
Qe1 Nd7 17.Bf3 Nec5 18.Bh5 Rf8 19.Nf3 f4 20.Bxc5 Nxc5 21.Nxe5 Qg5 22.Bf7+ Rxf7
23.Nxf7 Kxf7 24.h4 Qe5 25.Qxe5 Bxe5 26.Rhe1 Bb8 27.Re7+ Kg6 28.b4 Ne6 29.Re1
Nd4 30.R7e4 Nf5 31.Nxf4+ Kf7 32.Nd5 a5 33.Nb6 Bg3 34.Rf1 Kg6 35.Nxa8 Bxh4 36.
Rxf5 1-0

[Event "Prebor mesta Vsetina 2017"]
[Site "?"]
[Date "2017.07.02"]
[Round "2"]
[White "Zgarba, Radek"]
[Black "Brousek, Jiri"]
[Result "1-0"]
[WhiteElo "1838"]
[BlackElo "2016"]
[PlyCount "101"]
[EventDate "2017.??.??"]

1.c4 e5 2.Nc3 Nf6 3.Nf3 Nc6 4.g3 Bc5 5.Bg2 d6 6.a3 a6 7.b4 Ba7 8.O-O O-O 9.Bb2
Re8 10.d3 Bd7 11.Nd5 Nxd5 12.cxd5 Ne7 13.e4 c6 14.dxc6 Nxc6 15.Nd2 Be6 16.Kh1
d5 17.f4 exf4 18.gxf4 f6 19.f5 Bf7 20.Qg4 Ne5 21.Bxe5 Rxe5 22.Nf3 Re7 23.e5
Rxe5 24.Nxe5 fxe5 25.f6 g6 26.Qg5 Bd4 27.Rac1 Qf8 28.Rc7 h6 29.Qg4 b5 30.Rxf7
Qxf7 31.Rc1 Kh7 32.h4 Ra7 33.Rc6 Rc7 34.Qe6 Qxe6 35.Rxe6 Kg8 36.Bxd5 Kf8 37.
Rxa6 Rc8 38.Rd6 Bb2 39.Rd7 Bxa3 40.Rh7 Ke8 41.Be6 Rc1+ 42.Kg2 Bxb4 43.Ra7 Kd8
44.Ra8+ Kc7 45.Rc8+ Kd6 46.Rxc1 Kxe6 47.Rc6+ Kf7 48.Kf3 Bd2 49.Ke4 Bf4 50.d4
g5 51.dxe5 1-0

[Event "Prebor mesta Vsetina 2017"]
[Site "?"]
[Date "2017.07.02"]
[Round "2"]
[White "Hrabovsky, Valdimir"]
[Black "Vlachopulos, Elefteris"]
[Result "1-0"]
[WhiteElo "2000"]
[BlackElo "1770"]
[PlyCount "69"]
[EventDate "2017.??.??"]

1.e4 c6 2.d4 d5 3.Nc3 g6 4.Nf3 Bg4 5.Be3 Bg7 6.Be2 e6 7.h3 Bxf3 8.Bxf3 Nd7 9.
O-O Qb6 10.Qd2 Ne7 11.Rfd1 O-O 12.a4 Qb4 13.Nxd5 Nxd5 14.exd5 Qxd2 15.Rxd2
cxd5 16.a5 Rac8 17.c3 a6 18.Ra4 f5 19.Bf4 h6 20.Rb4 Nb8 21.Rxb7 Nc6 22.b4 Nd8
23.Rc7 Nf7 24.Be2 Rxc7 25.Bxc7 Rc8 26.Bb6 Rxc3 27.Bxa6 Nd6 28.Ra2 Rb3 29.Bc5
Ne4 30.Bc8 Nxc5 31.dxc5 Rxb4 32.a6 Be5 33.g3 Bb8 34.Bxe6+ Kf8 35.a7 1-0

[Event "Prebor mesta Vsetina 2017"]
[Site "?"]
[Date "2017.07.02"]
[Round "2"]
[White "Peterka, Josef"]
[Black "Mica, Marek"]
[Result "1/2-1/2"]
[WhiteElo "1796"]
[BlackElo "1974"]
[PlyCount "124"]
[EventDate "2017.??.??"]

1.d4 Nf6 2.Bg5 e6 3.e3 b6 4.Bd3 Bb7 5.f3 c5 6.c3 Be7 7.Ne2 Nc6 8.e4 d5 9.e5
Nd7 10.Bxe7 Qxe7 11.Qd2 Rc8 12.Na3 a6 13.Rc1 O-O 14.O-O b5 15.Bb1 Qd8 16.Nc2
a5 17.Ne3 Qb6 18.Kh1 b4 19.Ng4 Ba6 20.Qc2 g6 21.Nf6+ Nxf6 22.exf6 cxd4 23.Qd2
Qd8 24.cxd4 Qxf6 25.Bd3 Bxd3 26.Qxd3 Ne7 27.Rxc8 Rxc8 28.Rc1 Rxc1+ 29.Nxc1 Nf5
30.Ne2 Qh4 31.g3 Qd8 32.Qc2 Qb6 33.Qd3 Qc6 34.b3 Nd6 35.Kg2 a4 36.Kf2 axb3 37.
axb3 Qb6 38.Kg2 Qa5 39.Qb1 Nb5 40.Qc2 Kg7 41.Qc5 h6 42.h4 Kf6 43.g4 Kg7 44.g5
hxg5 45.hxg5 Qa2 46.Qxb5 Qxb3 47.Kf2 Qb1 48.Qa5 b3 49.Qd8 b2 50.Qf6+ Kg8 51.
Qf4 Qc2 52.Qb8+ Kg7 53.Qe5+ Kf8 54.Qd6+ Ke8 55.Qb8+ Kd7 56.Qb7+ Kd8 57.Qb8+
Ke7 58.Qb7+ Kf8 59.Qb8+ Kg7 60.Qe5+ Kh7 61.Qh2+ Kg8 62.Qb8+ Kg7 1/2-1/2

[Event "Prebor mesta Vsetina 2017"]
[Site "?"]
[Date "2017.07.02"]
[Round "2"]
[White "Filak, Josef"]
[Black "Kovarik, Matyas"]
[Result "0-1"]
[WhiteElo "1765"]
[BlackElo "1890"]
[PlyCount "66"]
[EventDate "2017.??.??"]

1.e4 e6 2.d4 d5 3.Nc3 Bb4 4.e5 c5 5.Bd2 Nc6 6.a3 cxd4 7.axb4 dxc3 8.Bxc3 d4 9.
Qg4 dxc3 10.Rd1 Qc7 11.Nf3 g6 12.Qc4 Qb6 13.bxc3 Bd7 14.Be2 Nge7 15.b5 Na5 16.
Qd3 O-O-O 17.c4 Be8 18.Qc3 Rxd1+ 19.Bxd1 Qc7 20.b6 Qxb6 21.O-O Qc7 22.Be2 Bb5
23.Ra1 Bxc4 24.Bxc4 Nxc4 25.Rxa7 Nb6 26.Qa1 Nc6 27.Ra3 Rd8 28.g3 Rd5 29.c4
Nxc4 30.Ra8+ Nb8 31.Qa4 Nb6 32.Qe8+ Rd8 33.Rxb8+ Kxb8 0-1

[Event "Prebor mesta Vsetina 2017"]
[Site "?"]
[Date "2017.07.03"]
[Round "3"]
[White "Mudrak, Josef"]
[Black "Wiewiora, Eneasz"]
[Result "0-1"]
[WhiteElo "2264"]
[BlackElo "2290"]
[PlyCount "76"]
[SourceDate "2017.07.03"]

1.d4 Nf6 2.Nf3 e6 3.c4 d5 4.g3 Be7 5.Bg2 O-O 6.b3 dxc4 7.bxc4 c5 8.O-O cxd4 9.
Nxd4 e5 10.Nb3 Qc7 11.Ba3 Rd8 12.Qc2 Nc6 13.c5 Be6 14.N1d2 Nd4 15.Nxd4 Rxd4
16.Nb3 Ra4 17.c6 Rc8 18.Bxe7 Qxe7 19.Qc5 Qe8 20.Qb5 Rc4 21.Qxb7 e4 22.Na5 Rc2
23.Rfc1 Rxe2 24.c7 e3 25.fxe3 Rxg2+ 26.Qxg2 Bd5 27.e4 Nxe4 28.Qe2 Qe5 29.Nb3
Rxc7 30.Rxc7 Qxc7 31.Qb5 Qe5 32.Rd1 Nc3 33.Rxd5 Nxd5 34.Qa5 h5 35.Qxa7 Qe1+
36.Kg2 Qe2+ 37.Kh3 Nf4+ 38.gxf4 Qg4# 0-1

[Event "Prebor mesta Vsetina 2017"]
[Site "?"]
[Date "2017.07.03"]
[Round "3"]
[White "Roubalik, Jakub"]
[Black "Horak, Martin"]
[Result "1-0"]
[WhiteElo "2391"]
[BlackElo "2073"]
[PlyCount "129"]
[SourceDate "2017.07.03"]

1.d4 Nf6 2.c4 g6 3.Nc3 d5 4.cxd5 Nxd5 5.e4 Nxc3 6.bxc3 Bg7 7.Bc4 c5 8.Ne2 Nc6
9.Be3 O-O 10.O-O Na5 11.Bd3 b6 12.Qd2 e5 13.Bh6 Qe7 14.Bxg7 Kxg7 15.f4 f6 16.
fxe5 fxe5 17.Rxf8 Qxf8 18.Qg5 Qf6 19.Qg3 Bd7 20.Rf1 Qe7 21.h4 Rf8 22.Rxf8 Kxf8
23.h5 Kg7 24.hxg6 hxg6 25.dxe5 c4 26.Bc2 Nc6 27.e6 Bxe6 28.Nd4 Bd7 29.Qc7 Be8
30.Qf4 Qf6 31.Qe3 Ne5 32.Qg3 Bd7 33.Bd1 Nd3 34.Be2 Ne5 35.Qe3 Qh4 36.Nf3 Nxf3+
37.Bxf3 Be6 38.Qd4+ Kf7 39.Qd2 Qg3 40.Kf1 Qe5 41.Qe3 Qa5 42.Qf4+ Ke7 43.Qc7+
Kf6 44.Qd8+ Kf7 45.Qc7+ Kf6 46.Qb8 Kg7 47.Qd6 Kf7 48.Qf4+ Ke7 49.e5 Bf5 50.
Qh4+ Kd7 51.Qd4+ Ke8 52.Bc6+ Kf7 53.Bd5+ Ke7 54.Qh4+ Kd7 55.Qh7+ Kd8 56.Qg8+
Kc7 57.Qf7+ Bd7 58.Be6 Qa4 59.Bxd7 Qd1+ 60.Kf2 Qd2+ 61.Kf3 Qd3+ 62.Kg4 Qe4+
63.Kg5 Qxe5+ 64.Bf5+ Kd6 65.Qxg6+ 1-0

[Event "Prebor mesta Vsetina 2017"]
[Site "?"]
[Date "2017.07.03"]
[Round "3"]
[White "Jasny, Stanislav"]
[Black "Dzikowski, Michal"]
[Result "1-0"]
[WhiteElo "2363"]
[BlackElo "2147"]
[PlyCount "59"]
[SourceDate "2017.07.03"]

1.e4 c6 2.d4 d5 3.e5 Bf5 4.c3 e6 5.Be3 Nd7 6.Nd2 Bg6 7.f4 Nh6 8.Be2 Nf5 9.Bf2
h5 10.g3 c5 11.Ngf3 c4 12.O-O b5 13.a4 b4 14.a5 b3 15.Nxc4 dxc4 16.Bxc4 Ne7
17.Bxb3 Rb8 18.Re1 Qc8 19.Nh4 Qb7 20.Nxg6 Nxg6 21.Bc2 Ne7 22.c4 Qxb2 23.Rb1
Qc3 24.Rxb8+ Nxb8 25.Ba4+ Nec6 26.d5 Qxa5 27.dxc6 Qc7 28.Qb3 Na6 29.Qb5 Bb4
30.Rd1 1-0

[Event "Prebor mesta Vsetina 2017"]
[Site "?"]
[Date "2017.07.03"]
[Round "3"]
[White "Krejca, Jakub"]
[Black "Sosna, Jan"]
[Result "0-1"]
[WhiteElo "2115"]
[BlackElo "2341"]
[PlyCount "76"]
[SourceDate "2017.07.03"]

1.e4 e5 2.Nf3 Nc6 3.Bc4 Bc5 4.c3 Nf6 5.d4 exd4 6.cxd4 Bb4+ 7.Nc3 Nxe4 8.O-O
Bxc3 9.d5 Bf6 10.Re1 Ne7 11.Rxe4 d6 12.Bg5 Bxg5 13.Nxg5 h6 14.Qe2 hxg5 15.Re1
Be6 16.dxe6 f6 17.Rg4 d5 18.Bb3 c6 19.g3 Qb6 20.h4 gxh4 21.gxh4 O-O-O 22.Rxg7
Rdg8 23.Rxg8+ Rxg8+ 24.Kf1 Qd4 25.Qh5 Qd3+ 26.Re2 Qg6 27.Qxg6 Rxg6 28.Re3 Rh6
29.Rf3 Kc7 30.Bc2 Kd6 31.Rb3 b6 32.Ra3 a5 33.Ra4 Kxe6 34.Kg2 f5 35.Rf4 Ng6 36.
Rd4 Rxh4 37.Rd2 Rg4+ 38.Kf1 Ne5 0-1

[Event "Prebor mesta Vsetina 2017"]
[Site "?"]
[Date "2017.07.03"]
[Round "3"]
[White "Havelka, Ondrej"]
[Black "Karlik, Vladimir"]
[Result "0-1"]
[WhiteElo "2104"]
[BlackElo "2207"]
[PlyCount "108"]
[SourceDate "2017.07.03"]

1.d4 d6 2.c4 g6 3.Nc3 Bg7 4.e4 Nf6 5.f3 O-O 6.Be3 b6 7.Nge2 c5 8.d5 e6 9.Ng3
exd5 10.cxd5 Nbd7 11.Be2 a6 12.a4 h5 13.O-O Nh7 14.f4 Re8 15.e5 dxe5 16.f5
Ndf6 17.fxg6 fxg6 18.Bd3 e4 19.Ngxe4 Nxe4 20.Nxe4 Bf5 21.Qc2 c4 22.Qxc4 Rc8
23.Qb3 Bxe4 24.Bxa6 Bxd5 25.Qd3 Be4 26.Qb3+ Bd5 27.Qd3 Bf7 28.Qxd8 Rcxd8 29.
Bxb6 Rd6 30.a5 Bxb2 31.Rab1 Bd4+ 32.Bxd4 Rxa6 33.Rb7 Rf8 34.Bc3 Rc6 35.Bb2 Ng5
36.Ba3 Ra8 37.h4 Bc4 38.Rf4 Nf7 39.Bb4 Bd5 40.Rb5 Be6 41.Rb7 Ne5 42.Rb6 Bf5
43.Rf1 Rxb6 44.axb6 Nd7 45.Bc3 Nxb6 46.g4 Bxg4 47.Rf6 Nd5 48.Rxg6+ Kf7 49.Rg7+
Kf8 50.Bd4 Ra4 51.Bb2 Ra2 52.Rb7 Nf4 53.Bg7+ Ke8 54.Bf6 Nh3+ 0-1

[Event "Prebor mesta Vsetina 2017"]
[Site "?"]
[Date "2017.07.03"]
[Round "3"]
[White "Koutny, Petr"]
[Black "Pycha, Patrik"]
[Result "0-1"]
[WhiteElo "2189"]
[BlackElo "2060"]
[PlyCount "78"]
[SourceDate "2017.07.03"]

1.e4 e6 2.d4 d5 3.e5 c5 4.c3 Qb6 5.Nf3 Nc6 6.Be2 cxd4 7.cxd4 Nh6 8.Bd3 Bd7 9.
Nc3 a6 10.Bb1 f5 11.exf6 gxf6 12.O-O O-O-O 13.Bf4 Nf7 14.Na4 Qa7 15.b3 Bd6 16.
Bxd6 Nxd6 17.Re1 Rde8 18.Qc1 Nb5 19.Nc5 Nbxd4 20.Nxd4 Nxd4 21.Nxe6+ Nc6 22.Bf5
Re7 23.Qh6 Rhe8 24.Qxf6 Qb8 25.Re3 Qd6 26.Rae1 d4 27.Re4 d3 28.Qc3 Bxe6 29.
Rxe6 Rxe6 30.Rxe6 Rxe6 31.Bxe6+ Qxe6 32.Qxd3 Qe1+ 33.Qf1 Qd2 34.f4 Nd4 35.f5
Ne2+ 36.Kh1 Qd3 37.Qa1 Qxf5 38.h3 Qe4 39.Qg7 Qb1+ 0-1

[Event "Prebor mesta Vsetina 2017"]
[Site "?"]
[Date "2017.07.03"]
[Round "3"]
[White "Zvolanek, Libor"]
[Black "Kuchar, Matej"]
[Result "0-1"]
[WhiteElo "2176"]
[BlackElo "2018"]
[PlyCount "74"]
[SourceDate "2017.07.03"]

1.Nf3 Nf6 2.d4 g6 3.c4 c5 4.d5 b5 5.cxb5 a6 6.b6 Bg7 7.Nc3 O-O 8.e4 d6 9.a4 a5
10.Bb5 Bb7 11.O-O Nbd7 12.Bg5 Nxb6 13.Qc1 Qc7 14.Bh6 e6 15.Bxg7 Kxg7 16.Ra3
exd5 17.exd5 Nbxd5 18.Nxd5 Bxd5 19.Nh4 Be6 20.f4 Rad8 21.f5 Bc8 22.Qf4 Qb6 23.
Rh3 c4+ 24.Kh1 d5 25.Nf3 h5 26.Nd4 Qd6 27.Qd2 Ne4 28.Qxa5 Qc5 29.Nc6 Nf2+ 30.
Rxf2 Qxf2 31.Rf3 Qxb2 32.f6+ Kh7 33.Rf1 Rd6 34.Qe1 Rxf6 35.Rxf6 Qxf6 36.a5 Re8
37.Qd1 Qf2 0-1

[Event "Prebor mesta Vsetina 2017"]
[Site "?"]
[Date "2017.07.03"]
[Round "3"]
[White "Skalsky, Alexandr"]
[Black "Kapusta, Petr"]
[Result "1-0"]
[WhiteElo "2071"]
[BlackElo "2175"]
[PlyCount "59"]
[SourceDate "2017.07.03"]

1.e4 c5 2.Nf3 d6 3.d4 cxd4 4.Nxd4 Nf6 5.Nc3 a6 6.Bg5 e6 7.f4 h6 8.Bh4 Be7 9.
Qf3 Nbd7 10.O-O-O Qc7 11.Be2 b5 12.Bxf6 Nxf6 13.e5 Bb7 14.Qg3 dxe5 15.fxe5 Ne4
16.Nxe6 fxe6 17.Qg6+ Kf8 18.Rhf1+ Kg8 19.Qxe6+ Kh7 20.Qf5+ Kg8 21.Qe6+ Kh7 22.
Qf5+ Kg8 23.Nxe4 Bxe4 24.Qxe4 Rd8 25.Rxd8+ Qxd8 26.Bh5 Bg5+ 27.Kb1 Qd2 28.Bg6
Qd8 29.Qb7 Be7 30.Bf7+ 1-0

[Event "Prebor mesta Vsetina 2017"]
[Site "?"]
[Date "2017.07.03"]
[Round "3"]
[White "Weinzettl, Ernst"]
[Black "Malinovsky, Petr"]
[Result "1/2-1/2"]
[WhiteElo "2290"]
[BlackElo "2019"]
[PlyCount "36"]
[SourceDate "2017.07.03"]

1.e4 c5 2.Nf3 e6 3.c3 Nf6 4.e5 Nd5 5.d4 cxd4 6.cxd4 d6 7.Bc4 Nb6 8.Bd3 Nc6 9.
O-O Nb4 10.Be2 dxe5 11.Nxe5 a6 12.a3 N4d5 13.Qd3 Be7 14.Qg3 O-O 15.Nc3 Bh4 16.
Qh3 f5 17.Nxd5 Nxd5 18.Bc4 Bf6 1/2-1/2

[Event "Prebor mesta Vsetina 2017"]
[Site "?"]
[Date "2017.07.03"]
[Round "3"]
[White "Stepan, Patrik"]
[Black "Sokolski, Alexander"]
[Result "0-1"]
[WhiteElo "2268"]
[BlackElo "1868"]
[PlyCount "66"]
[SourceDate "2017.07.04"]

1.d4 Nf6 2.c4 e6 3.Nf3 Bb4+ 4.Nbd2 O-O 5.a3 Bxd2+ 6.Qxd2 d5 7.e3 b6 8.cxd5
exd5 9.Bd3 Ba6 10.O-O Ne4 11.Qc2 Bxd3 12.Qxd3 a5 13.b3 Qd6 14.Bb2 Nd7 15.Rfd1
c6 16.Rac1 f6 17.Nd2 Nxd2 18.Rxd2 a4 19.bxa4 Rxa4 20.e4 b5 21.Re2 Nb6 22.e5
fxe5 23.dxe5 Qe6 24.Bd4 Nc4 25.Rc3 b4 26.Rb3 bxa3 27.Rb7 a2 28.Ba1 c5 29.Qb3
Ra3 30.Qb5 Ra5 31.Qb3 Qh6 32.Rc2 Ra3 33.Qb5 Rd3 0-1

[Event "Prebor mesta Vsetina 2017"]
[Site "?"]
[Date "2017.07.03"]
[Round "3"]
[White "Babula, Milan"]
[Black "Hrabovsky, Vladimir"]
[Result "1/2-1/2"]
[WhiteElo "2244"]
[BlackElo "2000"]
[PlyCount "87"]
[SourceDate "2017.07.04"]

1.e4 c5 2.Nf3 Nc6 3.d4 cxd4 4.Nxd4 g6 5.c4 Bg7 6.Be3 Nf6 7.Nc3 Ng4 8.Qxg4 Nxd4
9.Qd1 Ne6 10.Qd2 d6 11.Be2 Bd7 12.O-O O-O 13.Rad1 Bc6 14.f3 Nc5 15.b3 Ne6 16.
Rfe1 Re8 17.Bf1 Qa5 18.Rc1 Rac8 19.Red1 a6 20.Nd5 Qxd2 21.Rxd2 Bxd5 22.exd5
Nc5 23.g3 a5 24.Bh3 Ra8 25.Rb1 b6 26.Bg4 Reb8 27.Bh3 Ra7 28.Bf1 Rba8 29.h4 Bf6
30.h5 Be5 31.Kg2 Kg7 32.f4 Bf6 33.g4 h6 34.hxg6 fxg6 35.Kf3 b5 36.f5 Be5 37.
Be2 Rc7 38.Rh1 Rcc8 39.Rdd1 Bc3 40.Rc1 Bb2 41.Rb1 Bf6 42.Rhc1 Rh8 43.Rh1 Rhb8
44.Rhc1 1/2-1/2

[Event "Prebor mesta Vsetina 2017"]
[Site "?"]
[Date "2017.07.03"]
[Round "3"]
[White "Kovarik, Matyas"]
[Black "Bednarik, Josef"]
[Result "1-0"]
[WhiteElo "1890"]
[BlackElo "2183"]
[PlyCount "83"]
[SourceDate "2017.07.04"]

1.e4 c5 2.Nf3 Nc6 3.d4 cxd4 4.Nxd4 Nf6 5.Nc3 e5 6.Ndb5 d6 7.Bg5 a6 8.Na3 Be7
9.Nc4 Nd4 10.Bxf6 Bxf6 11.Ne3 Be6 12.Ncd5 Bg5 13.c3 Nc6 14.Be2 O-O 15.Bg4 g6
16.O-O f5 17.exf5 gxf5 18.Bh3 Ne7 19.f4 Nxd5 20.Nxd5 Bh6 21.Qh5 Bg7 22.Ne3 Qb6
23.Rae1 e4 24.Kh1 Qb5 25.c4 Qe8 26.Qg5 Qd7 27.g4 fxg4 28.Nxg4 Kh8 29.Rxe4 Rae8
30.Rfe1 Bxc4 31.Re7 Bd5+ 32.Bg2 Bxg2+ 33.Kxg2 Qc6+ 34.Kg3 Rg8 35.Rxe8 Rxe8 36.
Re7 Rg8 37.Kh4 Qb6 38.f5 h6 39.Qg6 Qxb2 40.f6 Bxf6+ 41.Qxf6+ Qxf6+ 42.Nxf6 1-0

[Event "Prebor mesta Vsetina 2017"]
[Site "?"]
[Date "2017.07.03"]
[Round "3"]
[White "Bosak, Jan"]
[Black "Budik, Pavel"]
[Result "1-0"]
[WhiteElo "2151"]
[BlackElo "1675"]
[PlyCount "117"]
[SourceDate "2017.07.04"]

1.c4 Nf6 2.Nc3 g6 3.Nf3 Bg7 4.d4 d6 5.e4 O-O 6.Be2 b6 7.O-O c5 8.e5 dxe5 9.
dxe5 Qxd1 10.Rxd1 Ne8 11.Bf4 Nc6 12.Rd2 Nc7 13.Nd5 Ne6 14.Bg3 Bb7 15.Bd3 Rad8
16.Be4 Rfe8 17.Rad1 f5 18.exf6 exf6 19.Nc3 Na5 20.Bd5 Bxd5 21.cxd5 Nc4 22.Rc2
Nd4 23.Nxd4 cxd4 24.Nb5 Ne5 25.Nc7 d3 26.Rc3 Re7 27.f4 Ng4 28.Rdxd3 f5 29.Rc2
Re4 30.h3 Ne3 31.Re2 Bd4 32.Rxd4 Rxd4 33.Rxe3 Rd7 34.Ne8 Kf7 35.d6 Rd1+ 36.Kh2
Rd2 37.b3 Rxa2 38.Bh4 h6 39.Bf6 a5 40.Bd4 b5 41.Bc5 Rc2 42.Re5 a4 43.bxa4 bxa4
44.Nc7 Rxc5 45.Rxc5 Rxd6 46.Rd5 Ke7 47.Ra5 Rd4 48.Kg3 Kd7 49.Nd5 Rd3+ 50.Kf2
Rd2+ 51.Kf3 a3 52.Nb6+ Kc7 53.Nc4 Rd3+ 54.Ke2 Rd4 55.Ne3 Kd6 56.g3 Rb4 57.Rxa3
Rb2+ 58.Kd3 Rh2 59.Ra6+ 1-0

[Event "Prebor mesta Vsetina 2017"]
[Site "?"]
[Date "2017.07.03"]
[Round "3"]
[White "Husek, Martin"]
[Black "Zgarba, Radek"]
[Result "0-1"]
[WhiteElo "2137"]
[BlackElo "1838"]
[PlyCount "86"]
[SourceDate "2017.07.04"]

1.e4 c5 2.Nf3 e6 3.d4 cxd4 4.Nxd4 Nf6 5.Nc3 d6 6.Be3 Nc6 7.f4 Be7 8.Qf3 a6 9.
Be2 Qc7 10.O-O-O b5 11.e5 Bb7 12.Qg3 dxe5 13.Nxc6 Bxc6 14.fxe5 Nd5 15.Nxd5
Bxd5 16.Qxg7 O-O-O 17.Kb1 Rhg8 18.Qxf7 Rxg2 19.Bd3 Qa5 20.b3 Ba3 21.Bc1 Bxc1
22.Rxc1 Rd7 23.Qf8+ Kb7 24.Rhg1 Qc3 25.Rxg2 Bxg2 26.Qf2 Bc6 27.Re1 a5 28.Qe3
a4 29.bxa4 Rd4 30.axb5 Bd5 31.Kc1 Rxd3 32.Qxd3 Qxe1+ 33.Kb2 Qxe5+ 34.Ka3 Qd6+
35.Ka4 Qf4+ 36.Ka5 Qc7+ 37.Kb4 Bxa2 38.c4 Qe7+ 39.Ka5 Bb1 40.Qf3+ Kb8 41.Qg4
Qa3+ 42.Kb6 Qa7+ 43.Kc6 Be4+ 0-1